1700 1668 1651 1955 1272 1657 1128 1886 1024 1749 1097 1186 1164 1536 1672 1609 1197 1442 1773 1928 1364 1821 1485 1987 1522 1317 1870 1990 1308 1862 1571 1351 1748 1616 1189 1565 1127 1046 1092 1123 1768 1233 1945 1671 1748 1232 1003 1086 1376 1272 1246 1119 1223 1988 1199 1930 1551 1605 1385 1748 1809 1452 1563 1564 1241 1505 1673 1863 1790 1212 1960 1956 1304 1004 1836 1823 1732 1457 1813 1235 1857 1542 1364 1426 1254 1143 1779 1724 1660 1772 1481 1140 1870 1508 1618 1737 1483 1003 1684 BCNSPRNW ULIB Ver.6.0+V

เปลี่ยนเป็นภาษาไทย

Change to English
 แสดงรายละเอียดบรรณานุกรม
  กลับหน้าหลัก

Brief Record : Get Marc (ISO 2709) : E-mail record : QR code < ปิดหน้าต่าง
LEADER : 00000nam 2200000uu 4500
001    13399112485
003     ULIB
008    110818s2551||||th 000 0 tha d
020    9789741110216
050  4 HQ56^bว157ว 2551
100 0  วราภรณ์ แช่มสนิท
245 10 วิธีคิดเรื่องเพศวิถีของรัฐไทย /^cวราภรณ์ แช่มสนิท
260    กรุงเทพฯ :^bมูลนิธิสร้างความเข้าใจเรื่องสุขภาพผู้หญิง(สคส.), ^c2551
300    84 หน้า :^bภาพประกอบ ;^c21 ซม.
650  4 เพศศึกษา^zไทย
650  4 เพศ
650  4 เพศ^xนโยบายของรัฐ
650  4 เพศศึกษา
650  4 เพศภาวะและเพศวิถี
650  4 ค่านิยมทางสังคม
710 2  มหาวิทยาลัยมหิดล. สถาบันวิจัยประชากรและสังคม
710 2  มูลนิธิสร้างความเข้าใจเรื่องสุขภาพผู้หญิง (สคส.)
945    ^p150^l0^i024336
945    ^p150^l0^i024337
995    ทศพร
999 ^a ทศพร
รายการนี้ยังไม่มีแท็ก
คุณยังไม่ได้ล็อกอิน คุณสามารถมีกิจกรรมร่วมกับเว็บไซต์ได้ แต่ต้องล็อกอินก่อน ::
  ล็อกอิน

รายการสื่อสารสนเทศ

ลำดับที่ ประเภท เลขเรียก/บาร์โค้ด สถานที่ สถานะ
- ไม่พบข้อมูล -

รายการใกล้เคียง
    หัวเรื่อง [เพศ]
    หัวเรื่อง [เพศศึกษา]
    หัวเรื่อง [เพศภาวะและเพศวิถี]
    หัวเรื่อง [ค่านิยมทางสังคม]

BibComment


ยังไม่เคยถูกคอมเมนท์

คอมเมนท์ทรัพยากรรายการนี้
  คอมเมนท์: วิธีคิดเรื่องเพศว..


 Copyright 2026. Bcnsprnw @Library